Development Economics Theory and Practice
Salvato in:
| Autore principale: | |
|---|---|
| Altri autori: | |
| Natura: | Libro |
| Lingua: | inglese |
| Pubblicazione: |
Abingdon
Routledge
2016
|
| Soggetti: | |
| Tags: |
Nessun Tag, puoi essere il primo ad aggiungerne!!
|
MARC
| LEADER | 00000nam a2200000 4500 | ||
|---|---|---|---|
| 001 | 0246603 | ||
| 005 | 20221107100847.2 | ||
| 020 | |a 978-1-138-88531-8 | ||
| 020 | |a 978-1-138-88529-5 | ||
| 020 | |a 978-1-315-71552-0 | ||
| 041 | 0 | |a eng | |
| 044 | |a GB | ||
| 245 | 1 | 0 | |a Development Economics |b Theory and Practice |c Alain de Janvry and Elisabeth Sadoulet |
| 264 | 1 | |a Abingdon |b Routledge |c 2016 | |
| 300 | |a 828 s. | ||
| 610 | 2 | 0 | |a rozvoj hospodársky |
| 610 | 2 | 0 | |a politika hospodárska |
| 610 | 2 | 0 | |a krajiny rozvojové |
| 610 | 2 | 0 | |a úroveň rozvoja hospodárskeho |
| 610 | 2 | 0 | |a kvalita života |
| 610 | 2 | 0 | |a politika sociálna |
| 610 | 2 | 0 | |a príjmy |
| 610 | 2 | 0 | |a chudoba |
| 610 | 2 | 0 | |a hlad |
| 610 | 2 | 0 | |a rast hospodársky |
| 610 | 2 | 0 | |a modely |
| 610 | 2 | 0 | |a bohatstvo prírodné |
| 610 | 2 | 0 | |a poľnohospodárstvo |
| 610 | 2 | 0 | |a farmy |
| 610 | 2 | 0 | |a kapitál ľudský |
| 610 | 2 | 0 | |a potreby obyvateľstva |
| 610 | 2 | 0 | |a modelovanie ekonometrické |
| 100 | 1 | |a de Janvry, Alain | |
| 700 | 1 | |a Sadoulet, Elisabeth | |